000 00368nam a2200145Ia 4500
008 240624s9999 xx 000 0 und d
041 _aeng
082 _a650.14 POS
100 _aPOST PETER
245 _aETIQUETTE ADVANTAGE IN BUSINESS PERSONAL
250 _a(3rd ed.)
260 _c2014
_aLondon
_bWilliam Morrow
300 _axiv, 338 p,: 23 cm.
365 _c
_b35
999 _c31571
_d31571